| 000 | 00498nam a22001937a 4500 | ||
|---|---|---|---|
| 005 | 20160712111555.0 | ||
| 008 | 160712b xxu||||| |||| 00| 0 eng d | ||
| 020 | _c50.00 | ||
| 040 | _aLoreto College | ||
| 041 | _aEnglish | ||
| 082 |
_a891.443 _bCHA |
||
| 100 | _aChattopadhyay, Bankimchandra | ||
| 245 |
_aKapalkundala _cBankimchandra Chattopadhyay |
||
| 260 |
_aKolkata _bKamini Prakashanalaya _c2014 |
||
| 300 |
_a80p _b22cm |
||
| 650 | _aFiction-Bengali | ||
| 850 | _aLCLIB | ||
| 942 | _cBK | ||
| 999 |
_c40652 _d91131 |
||